00349nam a2200121Ia 4500008004100000020001800041041000800059082002900067100003000096245005400126260003800180300000900218230411s9999 xx 000 0 und d a81-8147-053-2 aeng aOG/612.64/MOO/PER/B04116 aMoore Keith & Persaud TVN aDeveloping Human : Clinically oriented embryology bSaunders companyaNew Delhic2003 a560p